| 000 | 01382nam a2200241 i 4500 | ||
|---|---|---|---|
| 001 | 152220 | ||
| 003 | ES-MaACL | ||
| 005 | 20230906204603.0 | ||
| 008 | 931025s1622 sp |||| |dspa d | ||
| 100 | 1 |
_aBlasco de Lanuza, Vincencio. _929386 |
|
| 245 | 1 | 0 |
_aHistorias ecclesiasticas y seculares de Aragon _b: en que se continuan los Annales de Çurita y tiempos de Carlos V con historias ecclesiasticas antiguas y modernas que hasta aora no han visto luz ni estampa : contiene ... cinco libros, desde la guerra de Granada hasta ... 1556 : tomo primero ... / _cpor ... Vincencio Blasco de Lanuza ... |
| 260 |
_aEn Çaragoça : _bpor Iuan de Lanaia y Quartanet ..., _c1622. |
||
| 300 |
_a[20], 568, [12] p. ; _cFol. |
||
| 597 | _aSign.: [curz latina]8, 2[cruz latina]², A-K6, L8, M-Z6, 2A-2Z6, 3A-3B6. | ||
| 597 | _aTexto a dos columnas. | ||
| 597 | _aPortada con escudo xilográfico real. | ||
| 650 | 0 | 4 |
_aHistoriografía- _zAragón. _9146762 |
| 651 | 4 |
_aAragón (Reino)- _xHistoria. _97791 |
|
| 651 | 4 |
_aAragón (Reino)- _xHistoria eclesiástica. _97793 |
|
| 700 | 1 |
_aLanaja y Quartanet, Juan de. _9128645 |
|
| 852 |
_aES-MaACL _jR-3381 _q-- Port. rota, afectando a la fecha _z. - Enc. perg. _z. - Ex-libris ms. de Juan Bautista Noli |
||
| 856 |
_uhttp://bibliotecadigitalhispanica.bne.es:80/webclient/DeliveryManager?pid=1930931&custom_att_2=simple_viewer _zIr a la página |
||
| 999 |
_c152220 _d152220 |
||